Bombs, IEDs, and explosives : identification, investigation, and disposal techniques /

A guide on procedures, administration, and equipment, Bombs, IEDs, and Explosives: Identification, Investigation, and Disposal Techniques introduces concepts, basic knowledge, and necessary skill sets for bomb technicians. It covers topics such as training resources, bomb threat and incident respons...

Full description

Bibliographic Details
Main Author: Laska, Paul R. (Author)
Corporate Author: Taylor & Francis
Format: eBook
Language:English
Language Notes:English.
Published: Boca Raton, Florida : CRC Press, [2016]
Subjects:
Online Access:Connect to the full text of this electronic book

MARC

Tag First Indicator Second Indicator Subfields
LEADER 00000cam a2200000 i 4500
001 in00005659044
006 m o d
007 cr |||||||||||
008 150806t20162016fluac ob 001 0 eng d
005 20250812150153.8
010 |a  2015032407 
035 |a (OCoLC)ocn919580190 
040 |a SFB  |b eng  |e rda  |e pn  |c SFB  |d OCLCO  |d CAUOI  |d OCLCF  |d YDXCP  |d OCLCQ  |d MOR  |d PIFBY  |d OCLCQ  |d UAB  |d OCLCQ  |d STF  |d OCLCQ  |d KIJ  |d D6H  |d OCLCQ  |d U3W  |d INT  |d OCLCQ  |d LEAUB  |d UKAHL  |d SFB  |d OCLCO  |d OCLCQ  |d QGK  |d OCLCO  |d OCLCL 
019 |a 1259156344  |a 1260362011  |a 1330979994  |a 1390932909  |a 1391457956 
020 |a 9781498714501  |q (e-book ;  |q PDF) 
020 |a 1498714501  |q (e-book ;  |q PDF) 
020 |a 9780429257643  |q (electronic bk.) 
020 |a 0429257643  |q (electronic bk.) 
020 |z 9781498714495 
020 |z 1498714498 
024 7 |a 10.1201/b18750  |2 doi 
035 |a (OCoLC)919580190  |z (OCoLC)1259156344  |z (OCoLC)1260362011  |z (OCoLC)1330979994  |z (OCoLC)1390932909  |z (OCoLC)1391457956 
050 4 |a TP270  |b .L37 2016 
082 0 4 |a 662.2  |b L345 
049 |a TXAM 
100 1 |a Laska, Paul R.,  |e author. 
245 1 0 |a Bombs, IEDs, and explosives :  |b identification, investigation, and disposal techniques /  |c Paul R. Laska, Paul R. Laska Forensic Consulting, Inc., Palm City, Florida, USA. 
264 1 |a Boca Raton, Florida :  |b CRC Press,  |c [2016] 
264 4 |c ©2016 
300 |a 1 online resource. 
336 |a text  |b txt  |2 rdacontent 
337 |a computer  |b c  |2 rdamedia 
338 |a online resource  |b cr  |2 rdacarrier 
504 |a Includes bibliographical references and index. 
505 0 |a 1. Bomb disposal and investigation within the public safety field -- 2. Bomb Disposal Organization -- 3. Training and training resources -- 4. Legal aspects of bomb disposal -- 5. Bomb incident responses -- 6. Explosives and bomb technology -- 7. Bomb disposal equipment -- 8. Response concepts and considerations -- 9. Explosive evidence handling -- 10. Documentation and record keeping -- 11. Looking ahead -- 12. Case study I: Mass murder -- 13. Case study 2: Explosive and ordnance cache -- 14. Case study 3: Postblast investigation of a clandestine explosives factory -- 15. Case study 4: International delivery of a chemical device -- 16. Case study 5: 1300 miles of contract bombings. 
520 |a A guide on procedures, administration, and equipment, Bombs, IEDs, and Explosives: Identification, Investigation, and Disposal Techniques introduces concepts, basic knowledge, and necessary skill sets for bomb technicians. It covers topics such as training resources, bomb threat and incident response, legal aspects of bomb disposal, explosives and improvised explosive devices (IEDs), bomb technology, bomb disposal equipment, and explosive evidence handling. The book outlines where bomb squads and technicians have historically been placed within the public safety system and suggests where they s. 
546 |a English. 
650 0 |a Bombs. 
650 0 |a Bomb threats. 
650 0 |a Ordnance disposal units. 
650 6 |a Bombes. 
650 6 |a Alertes à la bombe. 
650 7 |a bombs (explosive weapons)  |2 aat 
650 7 |a Bomb threats  |2 fast 
650 7 |a Bombs  |2 fast 
650 7 |a Ordnance disposal units  |2 fast 
655 7 |a Electronic books.  |2 local 
710 2 |a Taylor & Francis. 
776 0 8 |i Print version:  |z 9781498714495 
856 4 0 |u http://proxy.library.tamu.edu/login?url=https://www.taylorfrancis.com/books/9780429257643  |z Connect to the full text of this electronic book  |t 0 
936 |a BATCHLOAD 
955 |a Taylor and Francis FORENSICnetBASE / LAWENFORCEMENTnetBASE 
994 |a 92  |b TXA 
999 f f |s 6d4d9d41-a723-432b-be83-58ddcfbc0a73  |i 978f9b46-a906-4d46-a31c-8344f46d1fca  |t 0 
952 f f |a Texas A&M University  |b College Station  |c Electronic Resources  |d Available Online  |t 0  |e TP270 .L37 2016  |h Library of Congress classification 
998 f f |a TP270 .L37 2016  |t 0  |l Available Online